| 000 | 00631nam a22002052 4500 | ||
|---|---|---|---|
| 001 | 0000012990 | ||
| 005 | 20151217154416.0 | ||
| 008 | 090518s xx 000 0 eng d | ||
| 020 | _a8131719534 : | ||
| 040 |
_aKABU _cKABU |
||
| 100 | 1 |
_aTomasi, Wayne. _@0000170029 |
|
| 245 | 1 | 0 |
_aElectronic communications systems : _bfundamentals through advanced / _cWayne Tomasi. |
| 250 | _a5th ed. | ||
| 260 |
_aDelhi : _bPearson Education, _c2009. |
||
| 300 | _axvi, 1115 p. | ||
| 650 | 0 |
_aTelcommunication systems. _@0000170030 |
|
| 852 | 1 | _9p4950 KES | |
| 908 | _a090518 | ||
| 950 | _@1 | ||
| 999 |
_c11097 _d11097 |
||